000 01135naa a22003137a 4500
001 BR9201899
003 BR-BrBNA
005 20240918181508.0
007 ta
008 230509b bl.||||| |||| 00| 0 por d
040 _aBR-BrBNA
_bpor
_cBiblioteca Nacional de Agricultura
041 _a(Pt)
072 _aF01; P05
090 _aF01 BR9201899
100 1 _aDellagiustina, D.
100 1 _aBack, N.
100 1 _aLeal, L. da C.M.
100 1 _aDias, A.
111 1 _a17. Congresso Brasileiro de Engenharia Agricola
_cSorocaba, SP (Brazil)
_d18-22 Jul 1988
245 1 _aDesenvolvimento de prototipo de semeadora-adubadora para semeadura direta a tracao animal
260 3 _aSorocaba, SP (Brasil):
_c1988.
500 _a17. Congresso Brasileiro de Engenharia Agricola. Anais Sorocaba, SP (Brasil): 1988. v. 1 p. 253-261 (BR9201899-AM)F01
650 _aSemeadeira
650 _aTracao Animal
650 _aPlantio Direto
773 0 _t17. Congresso Brasileiro de Engenharia Agricola. Anais
_wF01 BR9201899
_gSorocaba, SP (Brasil), 1988. v. 1 p. 253-261
909 _a202404
_bLucia
_c55
_dLucia Elande
942 _cAM
_2AGRIS
999 _c325506
_d325506